000
00393nam a22001697a 4500
003
MPLRDC
005
20220104123809.0
008
210129b ||||| |||| 00| 0 eng d
082
_a
857.6 GH
100
_a
关鸿
245
_a
艺术家生涯
_c
250
_a
一版一刷
260
_a
_b
上海文艺出版社
_c
1987
300
_b
平
650
_a
短篇小说
942
_c
BK
_o
857.6 GH
999
_c
14267
_d
14257